000 00605nam a2200241Ia 4500
003 OSt
005 20221007072316.0
006 a|||||r|||| 00| 0
007 ta
008 221006b |||||||| |||| 00| 0 eng d
024 _a24,629
037 _cTextual
040 _aFLL
_cFLL
_beng
041 _2eng
_aeng
082 _aZ3:166, K8
100 _aHunter Muir
_9690452
245 0 _aBankruptcy
250 _a18th
260 _aLondon
_bStevens & Sons Limited UK
_c1968
300 _acxxvii,1047p
_ccm.
942 _hZ3:166, K8
_cTEXL
_2CC
999 _c1145707
_d1145707